El mito de la nueva cristiandad
Đã lưu trong:
| Tác giả chính: | |
|---|---|
| Định dạng: | Sách |
| Ngôn ngữ: | Tiếng Pháp |
| Được phát hành: |
Madrid
Rialp
1957
|
| Phiên bản: | 3a. ed |
| Loạt: | Biblioteca del Pensamiento Actual, 10
|
| Những chủ đề: | |
| Các nhãn: |
Thêm thẻ
Không có thẻ, Là người đầu tiên thẻ bản ghi này!
|
MARC
| LEADER | 00000cam a2200000 a 4500 | ||
|---|---|---|---|
| 001 | UCZ5314 | ||
| 003 | CL-VaPUC | ||
| 005 | 20250108094708.0 | ||
| 008 | 951117e19570000SP |||||||||||||||||fre|d | ||
| 999 | |c 241633 |d 241631 | ||
| 040 | |c Pontificia Universidad Católica de Valparaíso | ||
| 082 | 0 | 4 | |a 201 |b PAL |2 21 |
| 100 | |a Palacios, Leopoldo Eulogio |e autor |9 393247 | ||
| 245 | 1 | 3 | |a El mito de la nueva cristiandad |
| 250 | |a 3a. ed | ||
| 260 | |a Madrid |b Rialp |c 1957 | ||
| 300 | |a 156 p | ||
| 490 | 0 | |a Biblioteca del Pensamiento Actual, 10 | |
| 583 | |a last modification |c 20130326 05:12:28 |k Rodrigo Vera | ||
| 600 | |a Maritain, Jacques, |d 1882-1973 |9 862881 | ||
| 650 | 0 | |a Filosofía cristiana |9 265980 | |
| 650 | 0 | |a Teología |9 258766 | |
| 650 | 0 | |a Cristianismo |9 257361 | |
| 650 | 0 | |a Religión |9 255164 | |
| 650 | 0 | |a Humanismo |9 256530 | |
| 650 | 0 | |a Ética |9 255099 | |
| 650 | 0 | |a Antropología |9 233030 | |
| 942 | |c BK |2 ddc | ||
| 945 | |d 19951117 00:00:00 |a lriquelm | ||
| 952 | |0 0 |1 0 |4 0 |6 201_000000000000000_PAL_1957 |7 0 |8 P |9 254011 |a BIBEDU |b BIBEDU |c BIBEDU_PB |d 2019-11-19 |i 157129K |o 201 PAL 1957 |p 157129K |r 2024-01-25 |w 2019-11-19 |y BK |k FIL | ||
| 952 | |0 0 |1 2 |4 0 |6 201_000000000000000_PAL_1957 |7 0 |8 A |9 254012 |a BIBTEO |b BIBTEO |d 2019-11-19 |i 4957326 |o 201 PAL 1957 |p 4957326 |r 2019-11-19 |w 2019-11-19 |x Descarte 2019 |y BK |k ICR | ||